The AI business : Commercial uses of artificial intelligence

保存先:
書誌詳細
第一著者: Winston, Patrick H.
フォーマット: 図書
言語:Undetermined
出版事項: London MIT Press 1984
主題:
タグ: タグ追加
タグなし, このレコードへの初めてのタグを付けませんか!
Thư viện lưu trữ: Trung tâm Học liệu Trường Đại học Cần Thơ
LEADER 00537nam a2200193Ia 4500
001 CTU_97867
008 210402s9999 xx 000 0 und d
082 |a 338.4 
082 |b W783 
100 |a Winston, Patrick H. 
245 4 |a The AI business : 
245 0 |b Commercial uses of artificial intelligence 
245 0 |c Patrick H. Winston 
260 |a London 
260 |b MIT Press 
260 |c 1984 
650 |a Artificial intelligence,Expert systems 
904 |i Truc 
980 |a Trung tâm Học liệu Trường Đại học Cần Thơ